<?xml version="1.0" encoding="UTF-8"?>
<record
    xmlns:xsi="http://www.w3.org/2001/XMLSchema-instance"
    xsi:schemaLocation="http://www.loc.gov/MARC21/slim http://www.loc.gov/standards/marcxml/schema/MARC21slim.xsd"
    xmlns="http://www.loc.gov/MARC21/slim">

  <leader>     nam a22        4500</leader>
  <datafield tag="999" ind1=" " ind2=" ">
    <subfield code="c">30166</subfield>
    <subfield code="d">30166</subfield>
  </datafield>
  <controlfield tag="008">190321b        xxu||||| |||| 00| 0 eng d</controlfield>
  <datafield tag="050" ind1=" " ind2=" ">
    <subfield code="a">LB 1028.5 .M84 2018</subfield>
  </datafield>
  <datafield tag="100" ind1=" " ind2=" ">
    <subfield code="a">Muema Joel Silla</subfield>
  </datafield>
  <datafield tag="245" ind1=" " ind2=" ">
    <subfield code="a">Influence of ICT on students' academics achievement in the teaching and learning of mathematics in secondary schools in Dadaab Garissa county, Kenya/</subfield>
  </datafield>
  <datafield tag="260" ind1=" " ind2=" ">
    <subfield code="a">Kenya :</subfield>
    <subfield code="b">Joel Silla,</subfield>
    <subfield code="c">2018</subfield>
  </datafield>
  <datafield tag="300" ind1=" " ind2=" ">
    <subfield code="a">xii, 101p. :</subfield>
    <subfield code="b">ill. ;</subfield>
    <subfield code="c">29cm.</subfield>
  </datafield>
  <datafield tag="504" ind1=" " ind2=" ">
    <subfield code="a">Include Bibliographic references</subfield>
  </datafield>
  <datafield tag="650" ind1=" " ind2=" ">
    <subfield code="a">Influence of ICT on students' </subfield>
    <subfield code="x">academics achievement in (mathematics)</subfield>
    <subfield code="y">Secondary school</subfield>
    <subfield code="z">Dadaab Garissa county, Kenya</subfield>
  </datafield>
  <datafield tag="942" ind1=" " ind2=" ">
    <subfield code="2">lcc</subfield>
    <subfield code="c">T &amp; D</subfield>
    <subfield code="h">LB 1028.5 .M84 2018</subfield>
  </datafield>
  <datafield tag="952" ind1=" " ind2=" ">
    <subfield code="0">0</subfield>
    <subfield code="1">0</subfield>
    <subfield code="2">lcc</subfield>
    <subfield code="4">0</subfield>
    <subfield code="7">0</subfield>
    <subfield code="a">MUC</subfield>
    <subfield code="b">MUC</subfield>
    <subfield code="c">AFR</subfield>
    <subfield code="d">2019-03-21</subfield>
    <subfield code="e">Donation (Mksu)</subfield>
    <subfield code="l">0</subfield>
    <subfield code="o">LB 1028.5 .M84 2018</subfield>
    <subfield code="p">TD43</subfield>
    <subfield code="r">2019-03-21</subfield>
    <subfield code="w">2019-03-21</subfield>
    <subfield code="y">T &amp; D</subfield>
  </datafield>
</record>
